[Event "Egypt op"]
[Site "Egypt"]
[Date "2009.07.29"]
[Round "9"]
[White "Hamza, Mohamed"]
[Black "Abdel Ghany, Adel"]
[Result "0-1"]
[WhiteElo "2004"]
[BlackElo "2187"]
[PlyCount "62"]
[EventDate "2009.07.20"]
[EventType "swiss"]
[EventRounds "9"]
[EventCountry "EGY"]
[SourceTitle "EXT 2011"]
[Source "ChessBase"]
[SourceDate "2010.11.26"]
[SourceVersion "1"]
[SourceVersionDate "2010.11.26"]
[SourceQuality "1"]

1. e4 e5 2. Nf3 Nc6 3. Bb5 a6 4. Ba4 Nf6 5. 0-0 Be7 6. Re1 b5 7. Bb3 0-0 8. c3 d5 9. exd5 Nxd5 10. d4 exd4 11. Nxd4 Nxd4 12. Bxd5 Qxd5 13. Rxe7 Bb7 14. f3 Qc5 15. Be3 Qxe7 16. Bxd4 c5 17. Bf2 Rad8 18. Qc2 Qg5 19. Bg3 Rfe8 20. a4 c4 21. axb5 axb5 22. Kh1 Qf5 23. Na3 Qxc2 24. Nxc2 Rd2 25. Nd4 Rxb2 26. Bd6 h6 27. h3 Re3 28. Bb4 h5 29. Ra5 Re1+ 30. Kh2 h4 31. Rxb5 Rbb1 0-1

[Event "Egypt op"]
[Site "Egypt"]
[Date "2009.07.26"]
[Round "6"]
[White "Abdel Ghany, Adel"]
[Black "Shafek, Mohamed"]
[Result "1-0"]
[WhiteElo "2187"]
[BlackElo "2092"]
[PlyCount "97"]
[EventDate "2009.07.20"]
[EventType "swiss"]
[EventRounds "9"]
[EventCountry "EGY"]
[SourceTitle "EXT 2011"]
[Source "ChessBase"]
[SourceDate "2010.11.26"]
[SourceVersion "1"]
[SourceVersionDate "2010.11.26"]
[SourceQuality "1"]

1. d4 Nf6 2. c4 g6 3. Nc3 Bg7 4. e4 d6 5. Bd3 0-0 6. Nge2 e5 7. d5 Nbd7 8. Ng3 Nc5 9. Bc2 a5 10. 0-0 Qe7 11. h3 Ne8 12. Be3 b6 13. Qd2 f5 14. Bg5 Qf7 15. exf5 gxf5 16. Bd1 Nf6 17. f4 e4 18. Nb5 h6 19. Bh4 Na6 20. Nd4 Qg6 21. a3 Nc5 22. Rb1 Re8 23. Qe3 Bd7 24. Kh1 Reb8 25. Be2 a4 26. Rf2 Kh8 27. Rg1 Rf8 28. Nf1 b5 29. Nh2 Qf7 30. g4 bxc4 31. Bxc4 Nxd5 32. Bxd5 Qxd5 33. Rd2 Nd3 34. Ne2 Bxb2 35. Rxb2 Nxb2 36. gxf5 Qd3 37. Qc1 Nc4 38. Qa1+ Ne5 39. fxe5 Rg8 40. e6+ Kh7 41. Qf6 Rxg1+ 42. Nxg1 Rg8 43. Qf7+ Rg7 44. Qxg7+ Kxg7 45. exd7 e3 46. d8Q Qe4+ 47. Nhf3 Qxf5 48. Qe7+ Kg8 49. Qxe3 1-0

[Event "Egypt op"]
[Site "Egypt"]
[Date "2009.07.25"]
[Round "5"]
[White "Lotfy, Abdel Rahman"]
[Black "Abdel Ghany, Adel"]
[Result "1-0"]
[WhiteElo "2149"]
[BlackElo "2187"]
[PlyCount "67"]
[EventDate "2009.07.20"]
[EventType "swiss"]
[EventRounds "9"]
[EventCountry "EGY"]
[SourceTitle "EXT 2011"]
[Source "ChessBase"]
[SourceDate "2010.11.26"]
[SourceVersion "1"]
[SourceVersionDate "2010.11.26"]
[SourceQuality "1"]

1. d4 d5 2. c4 e6 3. Nc3 Nf6 4. Bg5 c6 5. Nf3 Nbd7 6. e3 Qa5 7. Nd2 Bb4 8. Qc2 0-0 9. Be2 Bxc3 10. bxc3 Qc7 11. Bf4 e5 12. Bg3 Qd6 13. Nf3 Ne4 14. Bxe5 Nxe5 15. Nxe5 Qa3 16. Rc1 Bf5 17. Bd3 f6 18. Nf3 Ng3 19. Bxf5 Nxf5 20. 0-0 Nd6 21. c5 Nc4 22. Nd2 b5 23. Nxc4 bxc4 24. e4 Rab8 25. exd5 cxd5 26. Rb1 g6 27. g3 f5 28. Qe2 Qa4 29. Rxb8 Rxb8 30. Re1 Qb5 31. Qe3 f4 32. Qe6+ Kg7 33. Qe5+ Kh6 34. Qxf4+ 1-0